Biblioteka Instytutu Północnego w Olsztynie

Jeleń czy sarna? : (Rekord nr 27345)

Szczegóły MARC
000 -Nagłówek
fixed length control field 01559nam a2200397 i 4500
001 - Nr kontrolny bibl., która utworzyła rek.
control field xx005915935
003 - Siglum bibl., której nr kontr. jest w 001
control field NUKAT
005 - Data i czas ostatniej operacji
control field 20260330123425.0
008 - Elementy pola stałej długości
fixed length control field 260330s2016 pl a |000 0 pol c
020 ## - ISBN
ISBN 9788391816783
dopowiedzenie (oprawa miękka)
035 ## - Systemowy numer kontrolny
systemowy numer kontrolny (NUKAT)xx005915935
040 ## - Instytucja sporządzająca opis
Instytucja, która sporządziła opis OLSZT 008/bak
język katalgowania-trzyzn. kod pol
zasady opisu rda
Instytucja, która sporządziła rekord OLSZT 008/bak
046 ## - Kod rodz. daty, data1, data2 (daty pne)
Begin/single date 2010
100 1# - Hasło główne-nazwa osobowa
Nazwa osobowa Bogdaszewska, Zofia.
rodzaj współpracy Autor
9 (RLIN) 39193
245 10 - Tytuł właściwy i oznaczenie odpow.
tytuł Jeleń czy sarna? :
dodatek do tytułu poznajemy rodzinę jeleniowatych /
dod. inf. ze s. tyt./ozn. odpow. Zofia Bogdaszewska, Marek Bogdaszewski.
246 30 - Inne formy tytułu, wariant tytułu
tytuł Poznajemy rodzinę jeleniowatych
260 ## - Adres wydawniczy
miejsce wydania, dystrybucji itp. Giżycko :
nazwa wydawcy, dystrybutora itp. Fundacji Ochrony Wielkich Jezior Mazurskich. Mazurskie Centrum Edukacji Ekologicznej,
data wydania, dystrybucji itp. 2016.
300 ## - Opis fizyczny
objętość i/lub forma materiału 63, [1] strona :
inne szczegóły opisu fizycznego ilustracje kolorowe ;
format 21 cm.
336 ## - Content Type
Term Tekst
Code txt
Source rdacontent
336 ## - Content Type
Term Obraz
Code sti
Source rdacontent
337 ## - Media Type
Term Bez urządzenia pośredniczącego
Code n
Source rdamedia
338 ## - Carrier Type
Term Wolumin
Code nc
Source rdacarrier
380 ## - Form of work
Form of work Książki
380 ## - Form of work
Form of work Publikacje popularnonaukowe
388 1# - TIME PERIOD OF CREATION
Time period of creation term 2001-
504 ## - Uwaga o bibliografii
uwaga o bibliografii Bibliografia na stronie [64].
536 ## - Uwaga o finansowaniu dokumentu
tekst uwagi Druk sfinansowano ze środków Wojewódzkiego Funduszu Ochrony Środowiska i Gospodarki Wodnej w Olsztynie
650 #7 - Hasło przedmiotowe-nazwa pospolita
nazwa pospolita lub geogr. Jeleniowate
źródło hasła DBN
9 (RLIN) 39200
655 #7 - Termin określający rodzaj/formę
rodzaj/forma Opracowanie
źródło terminu DBN
9 (RLIN) 35024
655 #7 - Termin określający rodzaj/formę
rodzaj/forma Publikacja bogato ilustrowana
źródło terminu DBN
9 (RLIN) 35165
658 ## - Nazwa określająca cel programu nauczania
główny cel programu nauczania Biologia
700 1# - Hasło dodatkowe - nazwa osobowa
nazwa osobowa Bogdaszewski, Marek.
rodzaj współpracy Autor
9 (RLIN) 39194
710 2# - Hasło dodatkowe - nazwa ciała zbior.
nazwa ciała zbior. lub nazwa geogr. Mazurskie Centrum Edukacji Ekologicznej (Giżycko).
rodzaj współpracy Wydawca
kod rodzaju współpracy pbl
9 (RLIN) 39199
920 ## - ISBN
ISBN 978-83-918167-8-3 (oprawa miękka)
942 ## - ADDED ENTRY ELEMENTS (KOHA)
Source of classification or shelving scheme Dewey Decimal Classification
Koha item type pozycje dostępne na miejscu
Egzemplarze
Status wycofania Status zagubienia Klasyfikacja Status uszkodzenia Blokada wypożyczeń Kolekcja Lokalizacja macierzysta Lokalizacja bieżąca Data nabycia Numer akcesji Źródło akcesji Cena Nr inwentarzowy il. wypożyczeń Sygnatura Kod kreskowy Date last seen Price effective from Typ egz.
    Dewey Decimal Classification nieuszkodzona   książka w magazynie Biblioteka Instytutu Północnego w Olsztynie Biblioteka Instytutu Północnego w Olsztynie 26/06/2019 D-31/2019 dar 10.00 59801   59801 IPWK21498 30/03/2026 30/03/2026 pozycje dostępne na miejscu
Biblioteka Instytutu Północnego, ul. Partyzantów 87, 10-402 Olsztyn, email: biblioteka(at)ip.olsztyn.pl